الواضح في القواعد الاملائية

Bibliographic Details
Main Author: أبو المجد، أحمد السيد (Author)
Format: Book
Language:Arabic
Published: Amman : Dar Jarir lil-Nashr wa-al-Tawzi' , 2010
Edition:الطبعة 1
Subjects:

MARC

LEADER 00000cam a2200000 7i4500
001 0000085331
005 20140324093000.0
008 130715s2010 jo ara
020 |a 9789957381615 
050 0 0 |a PJ6127.2   |b .A28 2010 
090 0 0 |a PJ6127.2   |b .A28 2010 
100 1 |a أبو المجد، أحمد السيد ,   |e author 
241 1 3 |a al-Wadih fi al-qawa'id al-imla'iyyah 
245 1 2 |a الواضح في القواعد الاملائية   |c أحمد السيد أبو المجد 
250 |a الطبعة 1 
260 |a Amman :   |b Dar Jarir lil-Nashr wa-al-Tawzi' ,   |c 2010 
300 |a 161 p. ;   |c 25 cm. 
504 |a Includes bibliographical references 
650 0 |a Arabic language   |x Orthography and spelling 
999 |a 1000158766   |b Book   |c OPEN SHELF (30 DAYS)   |e Gong Badak Campus